Luftschutzchemie als Grundlage der gesamten anorganischen Volksschulchemie /

Hlavní autor: Hartmann, Joseph
Jazyk: Němčina
Vydáno: Osterwieck/Harz : Zickfeld, 1940
Témata:
Fyzický popis: vi, 66 stran : ilustrace
Knihy
Uloženo v:
LEADER 00855nam a22002532i 4500
001 001506189
003 CZ BrMZK
005 20160503111218.0
007 ta
008 160120s1940 gw a er|||||||||||ger d
040 |a BOA001  |b cze  |e rda 
072 7 |x Anorganická chemie  |a 546  |2 Konspekt  |9 10 
100 1 |a Hartmann, Joseph  |4 aut 
245 1 0 |a Luftschutzchemie als Grundlage der gesamten anorganischen Volksschulchemie /  |c von Joseph Hartmann 
264 1 |a Osterwieck/Harz :  |b Zickfeld,  |c 1940 
300 |a vi, 66 stran :  |b ilustrace 
336 |a text  |b txt  |2 rdacontent 
337 |a bez média  |b n  |2 rdamedia 
338 |a svazek  |b nc  |2 rdacarrier 
650 0 7 |a anorganická chemie  |7 ph114061  |2 czenas 
910 |a BOA001  |b 2-0250.280 
990 |a BK 
991 |b 201601 
996 7 |b 2618730910  |c 2-0250.280  |l MZK  |r Sklad / do 24 hodin  |n 0  |w 001541188  |u 000010  |a 1  |e BOA001  |j MZK50  |s A